00729 2200217 4500001002100000005001500021035002000036008004100056245014000097100001700237250001400254260004200268300004600310020002200356084001600378082001000394650003200404990002500436990002500461990002500486INLIS00000000002622220240317015028 a0010-0823000680240317 b 1 ind 1 aSeri Sastra Anak Asia :bSi Hitam dan Si Merah : Berbeda Itu Indah /cChen Mengmin ; alih bahasa. Krisna Arya ; editor, Namira Putri Y. aChen Mengmin aCetakan 1 aJakarta :bBhuana Ilmu Populer,c2022 a30 halaman :bilustrasi berwarna ;c20 cm a978-623-04-0706-2 a398.2 CHE s a398.2 4aDongeng, Bacaan kanak-kanak a3628/B/DINARPUS/2023 a3629/B/DINARPUS/2023 a3630/B/DINARPUS/2023